000
00325nam a2200133Ia 4500
008
151001s9999||||xx |||||||||||||| ||und||
100
_a
व पु काळे
245
_a
रात्र नको चांदणी
250
_a
1
260
_b
वि.र.बाम
260
_c
1962
300
_a
78
365
_b
18
999
_c
957538
_d
957535